The dynamics of local learning in global value chains : (Record no. 20824)

000 -LEADER
fixed length control field 01232cam a2200265 a 4500
020 ## - INTERNATIONAL STANDARD BOOK NUMBER
ISBN 9780230238497 (alk. paper)
020 ## - INTERNATIONAL STANDARD BOOK NUMBER
ISBN 0230238491 (alk. paper)
040 ## - CATALOGING SOURCE
Transcribing agency DLC
082 00 - DEWEY DECIMAL CLASSIFICATION NUMBER
Classification number 338 ROM 2014 C101 Or.
245 04 - TITLE STATEMENT
Title The dynamics of local learning in global value chains :
Remainder of title experiences from East Asia /
260 ## - PUBLICATION, DISTRIBUTION, ETC. (IMPRINT)
Place of publication Houndmills, Basingstoke, Hampshire ;
-- New York :
Name of publisher Palgrave Macmillan,
Year of publication 2011.
300 ## - PHYSICAL DESCRIPTION
Number of Pages xvi, 233 p. :
Other physical details ill. ;
Dimensions 23 cm.
490 0# - SERIES STATEMENT
Series statement IDE-JETRO series
500 ## - GENERAL NOTE
General note A joint research project based at Institute of Developing Economies, Japan External Trade Organization (IDE-JETRO).
520 ## - SUMMARY, ETC.
Summary, etc "This book investigates the process and mechanism of the capability development of East Asian local manufacturers, which has underpinned their phenomenal rise in the worlds competitive landscape of industrial production during the last few decades"--Provided by publisher.
650 #0 - SUBJECT ADDED ENTRY--TOPICAL TERM
Topical Term Manufacturing industries
650 #0 - SUBJECT ADDED ENTRY--TOPICAL TERM
Topical Term Diffusion of innovations
650 #0 - SUBJECT ADDED ENTRY--TOPICAL TERM
Topical Term Business networks
650 #0 - SUBJECT ADDED ENTRY--TOPICAL TERM
Topical Term Business logistics
650 #0 - SUBJECT ADDED ENTRY--TOPICAL TERM
Topical Term International business enterprises
700 1# - ADDED ENTRY--PERSONAL NAME
Personal name Kawakami, Momoko.
700 1# - ADDED ENTRY--PERSONAL NAME
Personal name Sturgeon, Timothy J.
710 2# - ADDED ENTRY--CORPORATE NAME
Corporate name or jurisdiction name as entry element Ajia Keizai Kenkyūjo (Japan)
942 ## - ADDED ENTRY ELEMENTS (KOHA)
Koha item type ADB
952 ## - LOCATION AND ITEM INFORMATION (KOHA)
Withdrawn status [LOCAL, KOHA] 0
Holdings
Permanent Location Date acquired Koha item type Lost status Shelving location Barcode Current Location Full call number
Library Block C2022-12-20ADB C101a069842Library Block C338 ROM 2014 C101 Or.
មជ្ឈមណ្ឌលឯការនៃសាកលវិទ្យាល័យភូមិន្ទកសិកម្មចំការដូង

Powered by Koha